Wood, whiskey and wine : (Record no. 191345)

MARC details
000 -LEADER
fixed length control field 00876cam a2200265 i 4500
001 - CONTROL NUMBER
control field 1412623145
003 - CONTROL NUMBER IDENTIFIER
control field OCoLC
005 - DATE AND TIME OF LATEST TRANSACTION
control field 20241121141741.0
008 - FIXED-LENGTH DATA ELEMENTS--GENERAL INFORMATION
fixed length control field 231209s2024 enka b 0|1 0 eng d
020 ## - INTERNATIONAL STANDARD BOOK NUMBER
International Standard Book Number 9781789149203
Qualifying information paperback
040 ## - CATALOGING SOURCE
Original cataloging agency YDX
Language of cataloging eng
Transcribing agency YDX
Modifying agency OCLCL
-- BDX
-- OCLCQ
-- MY-SjTCS
082 04 - DEWEY DECIMAL CLASSIFICATION NUMBER
Classification number 674.82
Item number WOR 2024
100 1# - MAIN ENTRY--PERSONAL NAME
Personal name Work, Henry,
Relator term author.
9 (RLIN) 307914
245 10 - TITLE STATEMENT
Title Wood, whiskey and wine :
Remainder of title a history of barrels /
Statement of responsibility, etc. Henry H. Work.
246 30 - VARYING FORM OF TITLE
Title proper/short title History of barrels
264 #1 - PRODUCTION, PUBLICATION, DISTRIBUTION, MANUFACTURE, AND COPYRIGHT NOTICE
Place of production, publication, distribution, manufacture London :
Name of producer, publisher, distributor, manufacturer Reaktion Books Ltd.,
Date of production, publication, distribution, manufacture, or copyright notice 2024.
300 ## - PHYSICAL DESCRIPTION
Extent 237 pages :
Other physical details illustrations ;
Dimensions 20 cm
336 ## - CONTENT TYPE
Content type term text
Source rdacontent
337 ## - MEDIA TYPE
Media type term unmediated
Source rdamedia
338 ## - CARRIER TYPE
Carrier type term volume
Source rdacarrier
504 ## - BIBLIOGRAPHY, ETC. NOTE
Bibliography, etc. note Includes bibliographical references and index.
650 #0 - SUBJECT ADDED ENTRY--TOPICAL TERM
Topical term or geographic name entry element Barrels
General subdivision History.
9 (RLIN) 307915
650 #0 - SUBJECT ADDED ENTRY--TOPICAL TERM
Topical term or geographic name entry element Coopers and cooperage
General subdivision History.
9 (RLIN) 307916
920 ## - Programme
Programme TCI : 337240
Holdings
Withdrawn status Lost status Source of classification or shelving scheme Damaged status Not for loan Home library Current library Date acquired Source of acquisition Cost, normal purchase price Total Checkouts Barcode Date last seen Uniform Resource Identifier Cost, replacement price Price effective from Koha item type Public note
    Dewey Decimal Classification     Taylor's Library-TU Taylor's Library-TU 29/10/2024 123 65.83   5000178714 29/10/2024 Floor 4, Shelf 28 , Side 2, TierNo 5, BayNo 5 65.83 29/10/2024 Main Collection TCIxx,30000,03,RA